[Event "Bangabandhu-chT"]
[Site "Dhaka"]
[Date "2024.02.11"]
[Round "11.1"]
[White "Md Nahid, Hasan"]
[Black "Islam, Monirul Momotaj"]
[Result "0-1"]
[WhiteElo "1836"]
[BlackElo "1831"]
[PlyCount "130"]
[EventDate "2024.02.01"]
[EventType "team-tourn"]
[EventRounds "11"]
[EventCountry "BAN"]
[SourceTitle "CB07_2024"]
[SourceDate "2024.02.14"]
[SourceVersion "1"]
[SourceVersionDate "2024.02.14"]
[SourceQuality "1"]
[WhiteTeam "Rupali Bank Krira Parshid"]
[BlackTeam "Janata Bank Welfare Society"]
[WhiteTeamCountry "BAN"]
[BlackTeamCountry "BAN"]

1. d4 d5 2. Nf3 Nf6 3. e3 c6 4. Bd3 e6 5. 0-0 Nbd7 6. b3 g6 7. Bb2 Bg7 8. Nbd2 0-0 9. Qe2 Re8 10. Ne5 Nxe5 11. dxe5 Nd7 12. f4 b6 13. c4 Ba6 14. Rac1 Rc8 15. Rfd1 Qe7 16. Nf3 Red8 17. e4 dxc4 18. Bxc4 Bxc4 19. Qxc4 Qc5+ 20. Bd4 Qxc4 21. bxc4 c5 22. Bc3 Nb8 23. Kf2 Nc6 24. a3 Rxd1 25. Rxd1 Rd8 26. Ke2 Rxd1 27. Kxd1 h6 28. h4 Kf8 29. g4 a6 30. Kc2 b5 31. Nd2 Ke8 32. cxb5 axb5 33. Nf3 Bf8 34. f5 Bg7 35. f6 Bf8 36. Bd2 Kd7 37. Kb2 Nb8 38. h5 gxh5 39. gxh5 Nc6 40. Bf4 Na5 41. Nh2 Ke8 42. Ng4 Nc6 43. Kc3 b4+ 44. axb4 cxb4+ 45. Kc2 Nd4+ 46. Kb2 Ne2 47. Bh2 Nd4 48. Ne3 Ne2 49. Kc2 Bc5 50. Ng4 Bf8 51. Kb2 Kd7 52. Ne3 Nc3 53. Ng4 Ne2 54. Nf2 Kc6 55. Nd3 Kb5 56. Kb3 Nd4+ 57. Kb2 Kc4 58. Nf4 Nf3 59. Ng6 Bc5 60. Bf4 Bd4+ 61. Kb1 b3 62. Bxh6 b2 63. Bf4 Kb3 64. h6 Ne1 65. Bc1 Nc2 0-1

[Event "Bangabandhu-chT"]
[Site "Dhaka"]
[Date "2024.02.02"]
[Round "2.1"]
[White "Abu Sufian, Sakil"]
[Black "Islam, Monirul Momotaj"]
[Result "1-0"]
[WhiteElo "2207"]
[BlackElo "1831"]
[PlyCount "69"]
[EventDate "2024.02.01"]
[EventType "team-tourn"]
[EventRounds "11"]
[EventCountry "BAN"]
[SourceTitle "CB06_2024"]
[SourceDate "2024.02.07"]
[SourceVersion "1"]
[SourceVersionDate "2024.02.07"]
[SourceQuality "1"]
[WhiteTeam "Bangladesh Biman"]
[BlackTeam "Janata Bank Welfare Society"]
[WhiteTeamCountry "BAN"]
[BlackTeamCountry "BAN"]

1. e4 e6 2. d4 d5 3. Nc3 Nf6 4. e5 Nfd7 5. f4 c5 6. Nf3 Nc6 7. Be3 Be7 8. Qd2 a6 9. dxc5 Bxc5 10. Bxc5 Nxc5 11. Bd3 Bd7 12. a3 Na5 13. Qf2 Rc8 14. 0-0 Nxd3 15. cxd3 Nb3 16. Rad1 0-0 17. Nd4 Qb6 18. Nxb3 Qxb3 19. Rd2 f6 20. exf6 Rxf6 21. Qd4 Rc6 22. Rdf2 Qb6 23. Ne2 Qc7 24. Qe3 Rc2 25. Nd4 Rxf2 26. Rxf2 h6 27. h4 Rg6 28. g3 Qd8 29. Kh2 Bc8 30. Rc2 Qd7 31. Qc1 e5 32. Rxc8+ Kh7 33. f5 Rg4 34. Ne6 Qa4 35. Nf8+ 1-0